| 000 | 00421nam a2200145Ia 4500 | ||
|---|---|---|---|
| 999 |
_c5766 _d5766 |
||
| 020 | _a1-4020-5350-9 | ||
| 082 | _a307.1416 HAN- | ||
| 245 | 0 | _aHandbook on urban sustainability | |
| 260 |
_aDordrecht _bSpringer _c2006 |
||
| 300 | _axxvii, 804 | ||
| 504 | _aincludes index | ||
| 650 | _aUrban ecology; Urban economics; Urban development; Urban management; Sociology, Urban | ||
| 700 | _aMunier, Nolberto | ||
| 942 | _cBK | ||